00493nas a2200181 a 450000100100000000500170001000800410002704000250006804300090009324500210010226000330012330000180015631000120017436200350018650000310022165000420025299900170029400003730820200930080300.0120323c19999999dr mr1p d 0 0spa d aDO-SdBNPbspacBNPHU anwdr00aPC world :bIDG. aSanto Domingo :bil.,c1999. av.- ;c29 cm. aMensual1 aAño 4. no. 10 (octubre 1999) aCatalogación basada en : 0aAño 4. no. 10 (octubre 1999)963755 c36798d36798